000 00973nam a2200277Ia 4500
003 OSt
005 20221005104554.0
006 a|||||r|||| 00| 0
007 ta
008 221004b |||||||| |||| 00| 0 urd d
020 _a9789350642436 (pbk)
_cINR 140.00
024 _a41510
037 _b283, 15/02/2019, Eastern Book Linkers
_cTextual
040 _aCRL
_cCRL
_burd
041 _2urd
_aurd
082 _aO168,1L97w, 152Q8
100 _aप्रकाश पंडित, संपा.
245 0 _aगालिब
246 _aGāliba
260 _aदिल्ली
_bराजपाल एन्ड सन्ज भारत
_c2018
300 _a135पृ0
_ccm.
650 _a उर्दू साहित्य
650 _aउर्दू कविता
942 _hO168,1L97w, 152Q8
_cTEXL
_2cc
999 _c1013134
_d1013134